Open Data Biblioteca Nacional de Portugal


República Portuguesa: Ministério da Cultura
Biblioteca Nacional de Portugal

Catálogo da BNP: acesso por Identificadores Unívocos
Registos Bibliográficos associados ao registo de autoridade

Etiqueta de registo: 00000nam 2200025 450
001 2288394
003 http://id.bnportugal.gov.pt/bib/catbnp/2288394
100 ## $a20260619d2025 k y0pory01030103ba
101 0# $apor$deng
102 ## $aPT
105 ## $ay m 000yy
106 ## $ar
200 1# $aTer a palavra - a língua (e a cidadania) na integração e inclusão de pessoas migrantes e refugiadas adultas em Portugal$fMaria Luís Queirós$gorient. Pedro Ferreira, Isabel Margarida Duarte
210 #9 $aPorto$c[s.n.],$d2025
215 ## $aXV, 363 p.$d30 cm
328 #1 $aTese dout. Ciências da Educação, Faculdade de Psicolgia e de Ciências da Educação, Universidade do Porto, 2025
700 #1 $92$aQueirós,$bMaria Luís$32001151
702 #1 $920$aFerreira,$bPedro$4727$32001156
702 #1 $aDuarte,$bIsabel Margarida,$f1955-$4727$329455
801 #0 $aPT$bBN$gRPC
966 ## $lBN$mFGMON$x1
971 ## $corlando$d20260619

OpendataBNP@bnportugal.pt | Mais informação sobre acesso aos dados BNP